| 000 | 00000nam 2200000zi 4500 |
| 001 | 9.946540 |
| 003 | CaOODSP |
| 005 | 20250121091805 |
| 006 | m o d f |
| 007 | cr mn||||||||| |
| 008 | 250106m19611963onc obu f000 0 eng d |
| 040 | |aCaOODSP|beng|erda|cCaOODSP |
| 043 | |an-cn--- |
| 086 | 1 |aNR24-28/1960-2E-PDF |
| 245 | 00|aFire resistance ratings 1961 : |bsupplement no. 2 to the National Building Code of Canada / |cissued by the Associate Committee on the National Building Code. |
| 246 | 10|aSupplement no. 2 to the National Building Code of Canada |
| 250 | |aReprinted edition including Addenda, July 1963. |
| 264 | 1|aOttawa, Canada : |bNational Research Council, |c1961-1963. |
| 300 | |a1 online resource (48 pages, 3 unnumbered pages) |
| 336 | |atext|btxt|2rdacontent |
| 337 | |acomputer|bc|2rdamedia |
| 338 | |aonline resource|bcr|2rdacarrier |
| 500 | |aCover title. |
| 504 | |aIncludes bibliographical references (page 5). |
| 520 | |a"The fire resistance ratings included in this document are substantially the same as those formerly in Appendix 4.1.B of the National Building Code 1953. Major changes are being considered by the Associate Committee on the National Building Code who are establishing a fire rating board to study and interpret all fire test reports and establish fire resistance ratings. This proposed program will take some time before it is effective, however, and it is hoped that this revision of the old Appendix 4.1.B will continue as a useful source of information in conjunction with the Code until this can be done"--Introduction, page 3. |
| 650 | 0|aBuilding laws|zCanada. |
| 650 | 0|aBuildings|xStandards|zCanada. |
| 650 | 0|aFire resistant materials|xStandards|zCanada. |
| 650 | 6|aConstruction|xDroit|zCanada|vCodes. |
| 650 | 6|aConstructions|xNormes|zCanada. |
| 650 | 6|aIgnifuges|xNormes|zCanada. |
| 710 | 2 |aNational Research Council of Canada. |bAssociate Committee on the National Building Code, |eissuing body. |
| 794 | |tFire performance ratings 1965 : |w(CaOODSP)9.946595 |
| 856 | 40|qPDF|s2.86 MB|uhttps://publications.gc.ca/collections/collection_2025/cnrc-nrc/NR24-28-1960-2-eng.pdf |
| 986 | |a6484 |